人口順上位50位までの国 - Statistics

General Stats
  • This quiz has been taken 70 times
  • The average score is 20 of 50
Answer Stats
# 人口 英語頭文字 国名 % Correct
1 14億7000万 I インド
98%
2 14億2300万 C 中華人民共和国
96%
3 3億5200万 U アメリカ合衆国
96%
4 2億8700万 I インドネシア
91%
7 2億1300万 B ブラジル
86%
12 1億2300万 J 日本
86%
9 1億4400万 R ロシア
84%
5 2億5700万 P パキスタン
82%
6 2億4000万 N ナイジェリア
82%
13 1億1900万 E エジプト
74%
8 1億7700万 B バングラデシュ
72%
10 1億3700万 E エチオピア
72%
11 1億3200万 M メキシコ
72%
16 1億200万 V ベトナム
68%
19 8370万 G ドイツ
65%
14 1億1700万 P フィリピン
61%
23 6930万 F フランス
58%
18 8780万 T トルコ
56%
17 9280万 I イラン
54%
22 7030万 U イギリス
53%
25 5900万 I イタリア
44%
20 7160万 T タイ
40%
15 1億1500万 D コンゴ民主共和国
39%
24 6510万 S 南アフリカ
39%
32 4790万 S スペイン
30%
26 5810万 K ケニア
26%
35 4590万 A アルゼンチン
26%
31 5160万 S 大韓民国
25%
33 4770万 A アルジェリア
25%
20 7160万 T タンザニア
23%
27 5500万 M ミャンマー
19%
38 4030万 C カナダ
19%
39 3970万 U ウクライナ
18%
37 4240万 Y イエメン
16%
30 5210万 U ウガンダ
12%
34 4750万 I イラク
12%
42 3790万 P ポーランド
12%
28 5370万 C コロンビア
11%
29 5250万 S スーダン
11%
36 4440万 A アフガニスタン
9%
43 3740万 U ウズベキスタン
9%
44 3620万 M マレーシア
7%
47 3490万 S サウジアラビア
5%
40 3960万 A アンゴラ
4%
41 3920万 M モロッコ
4%
46 3540万 G ガーナ
4%
48 3480万 P ペルー
4%
45 3610万 M モザンビーク
2%
49 3310万 M マダガスカル
0%
50 3310万 I コートジボワール
0%
No matching quizzes found
Score Distribution
Percent of People with Each Score
Percentile by Number Answered
Your Score History
You have not taken this quiz